Āmi mairāchi ye ganera samsāre Bāṃla gāna /
Saved in:
| Main Author: | |
|---|---|
| Format: | Audio |
| Language: | Bengali |
| Published: |
Calcutta :
HMV,
p1991.
|
| Subjects: | |
| Tags: |
Add Tag
No Tags, Be the first to tag this record!
|
| LEADER | 00835njm a2200265 a 4500 | ||
|---|---|---|---|
| 001 | 007726548-3 | ||
| 005 | 20020606104010.5 | ||
| 008 | 980305s1991 ii zznn | ben d | ||
| 028 | 0 | 2 | |a SPHOS 23133 |b HMV |
| 035 | 0 | |a ocm27468291 | |
| 040 | |a MH-Mu |c MH-Mu | ||
| 100 | 1 | |a Cakrabartī, Svapna. | |
| 245 | 1 | 0 | |a Āmi mairāchi ye ganera samsāre |h sound recording : |b Bāṃla gāna / |c Svapana Cakrabartī. |
| 246 | 3 | |a Bāṃla gāna | |
| 246 | 1 | 3 | |i Title on inlay sheet : |a Bengali songs / Swapna Chakraborty. |
| 260 | |a Calcutta : |b HMV, |c p1991. | ||
| 300 | |a 1 sound cassette : |b analog, stereo. | ||
| 500 | |a Bengali songs. | ||
| 511 | 0 | |a Swapna Chakraborty, vocals. | |
| 650 | 0 | |a Songs, Bengali |z India. | |
| 650 | 0 | |a Folk songs, Bengali |z India. | |
| 650 | 0 | |a Folk music |z India. | |
| 650 | 0 | |a Music |z India. | |
| 988 | |a 20020608 | ||
| 906 | |0 MH | ||


